|
|
|
|
| LEADER |
00000nam0a2200000 4500 |
| 001 |
40549 |
| 005 |
20231031013109.0 |
| 010 |
|
|
|a 5893492706
|
| 010 |
|
|
|a 5-02-022628-9
|
| 035 |
|
|
|a (RuTPU)RU\TPU\book\41607
|
| 090 |
|
|
|a 40549
|
| 100 |
|
|
|a 20020518d2001 m y0rusy50 ca
|
| 101 |
0 |
|
|a rus
|
| 102 |
|
|
|a RU
|
| 105 |
|
|
|a y j 000zy
|
| 200 |
1 |
|
|a Он и она
|a Пособие по развитию навыков чтения и устной речи
|f И. В. Одинцова
|
| 210 |
|
|
|a Москва
|c Флинта
|d 2001
|c Наука
|
| 215 |
|
|
|a 159 с.
|
| 225 |
1 |
|
|a Русский язык как иностранный
|
| 610 |
1 |
|
|a русский язык
|
| 610 |
1 |
|
|a иностранные граждане
|
| 610 |
1 |
|
|a лексика
|
| 610 |
1 |
|
|a чтение
|
| 610 |
1 |
|
|a устная речь
|
| 610 |
1 |
|
|a учебные пособия
|
| 610 |
1 |
|
|a русский для иностранцев
|
| 610 |
1 |
|
|a русский как иностранный
|
| 686 |
|
|
|a Ш141.2-96
|v LBC/SL-A
|2 rubbk
|
| 700 |
|
1 |
|a Одинцова
|b И. В.
|g Ирина Владимировна
|
| 801 |
|
1 |
|a RU
|b 63413507
|c 20020518
|g PSBO
|
| 801 |
|
2 |
|a RU
|b 63413507
|c 20170622
|g PSBO
|
| 900 |
|
|
|a Русский язык
|
| 942 |
|
|
|c BK
|
| 959 |
|
|
|a 162/20121218
|d 10
|e 140,00
|